00350nam a22001337a 450000500170000000800410001704100120005808200120007010000120008224500270009426000460012130000250016765000240019220240729083407.0240729b |||||||| |||| 00| 0 eng d aEnglish a349 SUP lEnglish aSupreme Court Reports  aCape Town: bJuta and Company Ltd, c1896 b558 pages; c26 cm.  aLegal practicebLaw